Global Cuisine by Images - D - Statistics

General Stats
  • This quiz has been taken 56 times
  • The average score is 3 of 16
Answer Stats
Picture Answer % Correct
Donuts
83%
Deviled eggs
67%
Deep dish pizza
33%
Danish pastry
30%
Dosa
26%
Dal
24%
Dolmadakia
22%
Donauwelle
17%
Dim sum
15%
Dampfnudel
11%
Donburi
9%
Damper
4%
Devilled kidneys
4%
Dovga
2%
Diós tészta
0%
Drob Sarma
0%
No matching quizzes found
Score Distribution
Percent of People with Each Score
Percentile by Number Answered
Your Score History
You have not taken this quiz